000 00577nam a2200217 a 4500
001 0001-2092
003 ELIB.Books
008 190723 2010 eng
020 _a9789710495832
092 _a230.046
_bWan
100 _aWanak, Lee.
245 _aThe Church and Poverty in Asia
260 _aAsian Theology Seminary
_bOMF Liturature INC.
_c2008
300 _a261
_c20cm
650 _aLiberation Theology
856 _nKBTS Library
_uKBTS Elib
942 _2ddc
_cBK
990 _a5
998 _aEnglishbooks.elf
_ccat
_e2019-07-23
999 _c12092
_d12092